| 000 | 01280cam a2200313 a 4500 | ||
|---|---|---|---|
| 001 | 13451266 | ||
| 003 | OSt | ||
| 005 | 20150408114157.0 | ||
| 008 | 040107s2004 enka 000 0 eng | ||
| 010 | _a 2004000258 | ||
| 020 | _a0415369592 (pbk. : alk. paper) | ||
| 040 |
_aDLC _cDLC _dDLC |
||
| 050 | 0 | 0 |
_aQA20.C65 _bW55 2004 |
| 082 | 0 | 0 |
_a372.7044 _222 _bWJI |
| 100 | 1 |
_aWilliams, John, _d1936- _941008 |
|
| 245 | 1 | 0 |
_aICT & primary mathematics / _cJohn Williams and Nick Easingwood. |
| 246 | 3 | _aICT and primary mathematics | |
| 260 |
_aLondon ; _aNew York : _bRoutledgeFalmer, _c2004. |
||
| 300 |
_axvi, 201 p. : _bill. ; _c25 cm. |
||
| 650 | 0 |
_aMathematics _xComputer-assisted instruction. _941009 |
|
| 650 | 0 |
_aMathematics _xStudy and teaching (Primary) _xData processing. _941010 |
|
| 650 | 0 |
_aEducational technology. _939997 |
|
| 700 | 1 |
_aEasingwood, Nick. _941011 |
|
| 856 | 4 | 1 |
_3Table of contents only _uhttp://www.loc.gov/catdir/toc/ecip0413/2004000258.html |
| 856 | 4 | 2 |
_3Publisher description _uhttp://www.loc.gov/catdir/enhancements/fy0651/2004000258-d.html |
| 906 |
_a7 _bcbc _corignew _d1 _eecip _f20 _gy-gencatlg |
||
| 942 |
_2ddc _cBOOK |
||
| 999 |
_c32611 _d267111 |
||